Perfect medical presentations : (Record no. 4701)

MARC details
000 -LEADER
fixed length control field 02259cam a22004694a 4500
001 - CONTROL NUMBER
control field 13518560
003 - CONTROL NUMBER IDENTIFIER
control field OSt
005 - DATE AND TIME OF LATEST TRANSACTION
control field 20160711181555.0
007 - PHYSICAL DESCRIPTION FIXED FIELD--GENERAL INFORMATION
fixed length control field co ugu||||||||
008 - FIXED-LENGTH DATA ELEMENTS--GENERAL INFORMATION
fixed length control field 040311s2004 stka b 001 0 eng
010 ## - LIBRARY OF CONGRESS CONTROL NUMBER
LC control number 2004047792
015 ## - NATIONAL BIBLIOGRAPHY NUMBER
National bibliography number GBA445400
Source bnb
016 7# - NATIONAL BIBLIOGRAPHIC AGENCY CONTROL NUMBER
Record control number 012937304
Source Uk
016 7# - NATIONAL BIBLIOGRAPHIC AGENCY CONTROL NUMBER
Record control number 101210457
Source DNLM
020 ## - INTERNATIONAL STANDARD BOOK NUMBER
International Standard Book Number 9780443074851 (pbk.)
020 ## - INTERNATIONAL STANDARD BOOK NUMBER
International Standard Book Number 0443074852
035 ## - SYSTEM CONTROL NUMBER
System control number (OCoLC)ocm54818775
040 ## - CATALOGING SOURCE
Original cataloging agency DNLM/DLC
Transcribing agency DLC
Modifying agency YDX
-- NLM
-- UKM
-- BAKER
-- OCLCQ
-- YDXCP
-- LVB
-- OCLCG
-- TEU
-- DLC
042 ## - AUTHENTICATION CODE
Authentication code pcc
082 ## - DEWEY DECIMAL CLASSIFICATION NUMBER
Classification number WA 353
Item number 19p 2004
100 1# - MAIN ENTRY--PERSONAL NAME
Personal name Irwin, Terry,
9 (RLIN) 10109
245 10 - TITLE STATEMENT
Title Perfect medical presentations :
Remainder of title creating effective PowerPoint presentations for the healthcare professional /
Statement of responsibility, etc. Terry Irwin, Julie Terberg ; foreword by Geoffrey Glazer.
260 ## - PUBLICATION, DISTRIBUTION, ETC. (IMPRINT)
Place of publication, distribution, etc. Edinburgh ;
-- New York :
Name of publisher, distributor, etc. Churchill Livingstone,
Date of publication, distribution, etc. 2004.
300 ## - PHYSICAL DESCRIPTION
Extent xiii, 229 p. :
Other physical details col.ill ;
Dimensions 25 cm. +
Accompanying material 1 CD-ROM (4 3/4 in.)
500 ## - GENERAL NOTE
General note Includes index.
504 ## - BIBLIOGRAPHY, ETC. NOTE
Bibliography, etc Includes bibliographical references and index.
505 8# - FORMATTED CONTENTS NOTE
Formatted contents note CD-ROM contents: Files to complete exercises from text -- 20 PowerPoint templates.
538 ## - SYSTEM DETAILS NOTE
System details note System requirements for accompanying CD-ROM: Microsoft Windows 95 OSR 2.0, 98 SE, Millennium, Windows NTI 4.0 with service pack 5, or Windows 2000.
538 ## - SYSTEM DETAILS NOTE
System details note System requirements for accompanying CD-ROM: Mac OS software version 8.6, 9.0.4, or Mac OS X.
630 00 - SUBJECT ADDED ENTRY--UNIFORM TITLE
Uniform title Microsoft PowerPoint (Computer file)
9 (RLIN) 10110
650 #0 - SUBJECT ADDED ENTRY--TOPICAL TERM
Topical term or geographic name as entry element Medical informatics.
9 (RLIN) 10111
650 #0 - SUBJECT ADDED ENTRY--TOPICAL TERM
Topical term or geographic name as entry element Slides (Photography)
General subdivision Data processing.
9 (RLIN) 10112
650 12 - SUBJECT ADDED ENTRY--TOPICAL TERM
Topical term or geographic name as entry element Audiovisual Aids.
9 (RLIN) 10113
650 22 - SUBJECT ADDED ENTRY--TOPICAL TERM
Topical term or geographic name as entry element Computer Graphics.
9 (RLIN) 675
650 22 - SUBJECT ADDED ENTRY--TOPICAL TERM
Topical term or geographic name as entry element Software Design.
9 (RLIN) 10114
700 1# - ADDED ENTRY--PERSONAL NAME
Personal name Terberg, Julie.
9 (RLIN) 10115
776 08 - ADDITIONAL PHYSICAL FORM ENTRY
Relationship information Online version:
Main entry heading Irwin, Terry, MD.
Title Perfect medical presentations.
Place, publisher, and date of publication Edinburgh ; New York : Churchill Livingstone, 2004
Record control number (OCoLC)606123183
776 08 - ADDITIONAL PHYSICAL FORM ENTRY
Relationship information Online version:
Main entry heading Irwin, Terry, MD.
Title Perfect medical presentations.
Place, publisher, and date of publication Edinburgh ; New York : Churchill Livingstone, 2004
Record control number (OCoLC)607467008
906 ## - LOCAL DATA ELEMENT F, LDF (RLIN)
a 7
b cbc
c orignew
d 1
e ocip
f 20
g y-gencatlg
942 ## - ADDED ENTRY ELEMENTS (KOHA)
Source of classification or shelving scheme Other/Generic Classification Scheme
Koha item type Open Shelf
Holdings
Withdrawn status Lost status Source of classification or shelving scheme Damaged status Not for loan Home library Current library Date acquired Source of acquisition Inventory number Total Checkouts Full call number Barcode Date last seen Price effective from Koha item type
    Other/Generic Classification Scheme     MUST Main Library MUST Main Library 11/07/2016   2011/35517   WA 353 19p 2004 2016-3104 11/07/2016 11/07/2016 Open Shelf